| 000 | 00424nam a22001697a 4500 | ||
|---|---|---|---|
| 003 | NUST | ||
| 020 | _a8173812284 | ||
| 038 | _akhadija | ||
| 082 |
_a671.53 _bBAA |
||
| 100 |
_aBhattacharyya, A _986808 |
||
| 245 |
_aMetal Cutting: _bTheory and Practice / _cA. Bhattacharyya |
||
| 260 |
_aNew York: _bNew Central Book Agency; _c2008. |
||
| 300 |
_a657p. ; _b26 cm. |
||
| 500 | _aPaperback. | ||
| 563 | _aPB | ||
| 942 |
_cBK _2ddc |
||
| 999 |
_c32451 _d32451 |
||